International focus on India (Record no. 112510)

MARC details
000 -LEADER
fixed length control field 01017cad a22002175a 4500
001 - CONTROL NUMBER
control field L153421
008 - FIXED-LENGTH DATA ELEMENTS--GENERAL INFORMATION
fixed length control field 110722s2011 xxk 000 0 eng d
035 ## - SYSTEM CONTROL NUMBER
System control number (Sirsi) u153421
041 0# - LANGUAGE CODE
Language code of text/sound track or separate title eng
100 1# - MAIN ENTRY--PERSONAL NAME
Personal name Warburton, Richard
245 00 - TITLE STATEMENT
Title International focus on India
Remainder of title Summer 2011
Medium [electronic resource]
260 ## - PUBLICATION, DISTRIBUTION, ETC.
Place of publication, distribution, etc. [S.l.]
Name of publisher, distributor, etc. EC Harris
Date of publication, distribution, etc. 2011
520 ## - SUMMARY, ETC.
Summary, etc. Construction sector poised for further growth as Indian economy forges ahead; an overview of the Indian construction sector; foreign investment in the real estate sector; commercial real estate trends; commercial sector and infrastructure sector; commodity/input prices; economy and construction in India at a glance (chart and summary).
590 ## - LOCAL NOTE (RLIN)
Local note KA NTK
651 #4 - SUBJECT ADDED ENTRY--GEOGRAPHIC NAME
Geographic name India
690 ## - LOCAL SUBJECT ADDED ENTRY--TOPICAL TERM (OCLC, RLIN)
Topical term or geographic name as entry element BUILT ENVIRONMENT-CONSTRUCTION MARKET
700 1# - ADDED ENTRY--PERSONAL NAME
Personal name Moore, Paul
710 1# - ADDED ENTRY--CORPORATE NAME
Corporate name or jurisdiction name as entry element EC Harris
9 (RLIN) 4930
856 40 - ELECTRONIC LOCATION AND ACCESS
Uniform Resource Identifier <a href="https://www.echarris.com/pdf/7992_International%20Focus%20on%20India%20FINAL.pdf">https://www.echarris.com/pdf/7992_International%20Focus%20on%20India%20FINAL.pdf</a>
Public note View the item free of charge at www.echarris.com
942 ## - ADDED ENTRY ELEMENTS (KOHA)
Suppress in OPAC 0
Holdings
Withdrawn status Lost status Source of classification or shelving scheme Damaged status Not for loan Home library Current library Shelving location Date acquired Total Checkouts Full call number Barcode Date last seen Copy number Price effective from Koha item type
    Dewey Decimal Classification     Virtual Virtual Online 22/07/2011   ONLINE PUBLICATION 153421-2001 06/08/2019 1 06/08/2019 Book